01423nam a22002537a 4500008004100000020001500041040001800056041000800074100003100082245011000113260005000223300003000273490010000303504005300403505027000456650002300726650003500749650001800784650006100802830008600863856007000949856007001019856008001089130821s2005 gr ab gr eng  a0896802450 aCo-BoUCMbspa00aeng1 aTalentino, Andrea Kathryn.10aMilitary intervention after the Cold War the evolution of theory and practicecAndrea Kathryn Talentino. aAtenas (Grecia)bOhio University Presscc2005 axvi, 364 páginasbmapas1 aOhio University research in international studies, Global and comparative studies seriesvno. 4 aIncluye referencias bibliográficas e índice.0 aIntervention reconsidered -- Theoretical foundations -- Lessons in failure : intervention in Somalia -- One step forward? : intervention in Haiti -- The ongoing struggle : intervention in Bosnia -- ECOWAS, the UN, and Sierra Leone -- Pushing the envelope in Kosovo.04aCiencia política04aGuerra (Derecho internacional)04aGuerra Fría04aIntervención (Derecho internacional)vEstudio de casos 0aResearch in international studies.pGlobal and comparative studies seriesvno. 4.413Contenidouhttp://www.loc.gov/catdir/toc/ecip0518/2005025342.html423uhttp://www.loc.gov/catdir/enhancements/fy0623/2005025342-b.html423Publicadoruhttp://www.loc.gov/catdir/enhancements/fy0623/2005025342-d.html